| 000 | 00701nam a2200253Ia 4500 | ||
|---|---|---|---|
| 001 | 51886 | ||
| 005 | 20240114005243.0 | ||
| 007 | ta | ||
| 008 | 100205s1991 g b000 u 903 u | ||
| 040 | _aCotton College,Assam | ||
| 041 | _a903 | ||
| 082 |
_a149.97 _bJa 238 Po |
||
| 100 | _aJameson, Fredric . | ||
| 245 | 0 |
_aPostmodernism The Cultural Logic of Late Capitalism / _cFredric Jameson. _hTextual Documents |
|
| 250 | _aist ed / | ||
| 260 |
_aNew Delhi : _bABS Publishers & Distributors , _c1991. |
||
| 300 |
_a438pg ; _c19cm. |
||
| 653 | _aPostmodernism | ||
| 653 | _aCultural logic | ||
| 653 | _aG- Philosophy | ||
| 942 |
_2ddc _cBK |
||
| 999 |
_c51850 _d51850 |
||